LEADER 01323nam2-2200421---450- 001 990003250820203316 005 20090521143735.0 010 $a88-774-48154-7 035 $a000325082 035 $aUSA01000325082 035 $a(ALEPH)000325082USA01 035 $a000325082 100 $a20090521d2003----km-y0itay50------ba 101 $aita 102 $aIT 105 $a||||||||001yy 200 1 $aAnfiteatro II$ePer un pezzo di pane$eCome gocce su pietre roventi$eKatzelmacher$eIl soldato americano$eLibertà a Brema$fRainer Werner Fassbinder$gintroduzione e cura di Roberto Menin 210 $aMilano$cUbulibri$dc2003 215 $a191 p.$d22 cm 225 2 $a<> testi Ubulibri 410 0$1001000325036$a2001$a<> testi Ubulibri 517 $aCome gocce su pietre roventi 517 $aKatzelmacher 517 $a<> soldato americano 517 $aLibertà a Brema 517 $aPer un pezzo di pane 606 0 $aTeatro$2BNCF 676 $a790 700 1$aFASSBINDER,$bRainer Werner$0176375 702 1$aMENIN,$bRoberto 801 0$aIT$bsalbc$gISBD 912 $a990003250820203316 951 $aXIII.1. Coll. 19/6$b2134 LG$cXIII.1.$d00190646 959 $aBK 969 $aUMA 979 $aSENATORE$b90$c20090521$lUSA01$h1437 996 $aAnfiteatro II$91119831 997 $aUNISA LEADER 01088nam a22002531i 4500 001 991001429229707536 005 20031111155127.0 008 040407s19uu it |||||||||||||||||ita 035 $ab12768996-39ule_inst 035 $aARCHE-074862$9ExL 040 $aDip.to Scienze Storiche$bita$cA.t.i. Arché s.c.r.l. Pandora Sicilia s.r.l. 082 04$a945.07 100 1 $aCatalano, Franco$022113 245 10$aLezioni di Storia moderna :$bla Lombardia nel '600 e il Regno di Napoli fre il '600 e il '700 : appunti raccolti dalle lezioni del prof. F. Catalano nell'anno accademico 1961-62 260 $aMilano :$bLa Goliardica,$c[19..] 300 $a1 v. ;$c24 cm 500 $aIn testa al front.: Università degli studi di Milano. 651 4$aItalia$xStoria$ySec. 17.-18. 907 $a.b12768996$b02-04-14$c16-04-04 912 $a991001429229707536 945 $aLE009 STOR.60-73$g1$i2009000214071$lle009$o-$pE0.00$q-$rl$s- $t0$u2$v2$w2$x0$y.i13311050$z16-04-04 996 $aLezioni di Storia moderna$9294989 997 $aUNISALENTO 998 $ale009$b16-04-04$cm$da $e-$fita$git $h0$i1